00305nam a2200133Ia 4500008004100000041000800041082001300049100001100062245003800073260002500111300000800136365001600144700001100160230718s9999 xx 000 0 und d aeng a658bHAM aHamm M aChicken Soup For The Preteen Soul c2001bWestland Books a386 cRs.b195.00 aHamm M